The complete book of wedding crafts

Bibliographic Details
Format: Book
Published: Massachusetts : Rockport Publishers , 2005
Subjects:

MARC

LEADER 00000cam a2200000 7i4500
001 0000019875
005 20080624.0
008 080619
020 |a 1592531415 
090 0 0 |a 745.594   |b COM 
245 1 4 |a The complete book of wedding crafts 
260 |a Massachusetts :   |b Rockport Publishers ,   |c 2005 
650 0 |a Handicraft 
650 0 |a Weeding decorations 
999 |a 0001025484   |b Book   |c REFERENCE   |e Perbadanan Perpustakaan Awam Johor